| 000 | 00794nab a2200241 4500 | ||
|---|---|---|---|
| 003 | BR-BrBNA | ||
| 005 | 20251020110306.0 | ||
| 008 | 251020b bl.||||| |||| 00| 0 por d | ||
| 040 |
_aBR-BrBNA _bpor |
||
| 072 | _aE73 ; E70 ; E16 ; S01 | ||
| 100 | _aZaia, Cristiano | ||
| 245 |
_aAlimentos perdem o posto de vilões _bAgroeconomia |
||
| 500 | _a4 illus. | ||
| 650 | _aPRODUÇÃO DE ALIMENTO | ||
| 650 | _aPREÇO | ||
| 650 | _aCUSTO DE VIDA | ||
| 650 | _aCONSUMO ALIMENTAR | ||
| 650 | _aCUSTO DE PRODUÇÃO | ||
| 650 | _aINFLAÇÃO | ||
| 773 | 0 |
_01706 _9347992 _dSão Paulo-SP Editora Três Ltda - E-mail: luizfsa@revistadinheiro.com.br 2004 _o2025-0487 _tDinheiro Rural (Brazil) _x1807-3700 _gv. 7(83) p. 38-39; (Sep 2011) _wBR2025004544 |
|
| 942 | _cANA | ||
| 999 |
_c338724 _d338724 |
||